000 00260nam a22001097a 4500
082 _a621.824 GRO'C
100 _aGROSS, S
_980084
245 _aCALCULATION AND DESIGN OF METEL SPRINGS
260 _aLONDON
_bCHAPMAN & HALL
_c1966
300 _a222P
942 _cBK
999 _c585170
_d585170